| 000 | 00647nam a22002297a 4500 | ||
|---|---|---|---|
| 005 | 20230512222236.0 | ||
| 008 | 180615t xxu||||| |||| 00| 0 eng d | ||
| 020 | _a0446611662 | ||
| 040 | _cCSPC | ||
| 082 | 0 | _bF875b | |
| 100 |
_aFreedman, J. F., _eauthor. |
||
| 245 | 0 | 0 |
_aBird's-eye view _cJ. F. Freedman |
| 260 |
_aNew York: _bWarner Books, _c2001 |
||
| 300 |
_a465 pages: _c18 cm. |
||
| 650 | 1 | 0 |
_aPolitical corruption _xFiction. |
| 650 | 1 | 0 |
_aBird watching _xFiction. |
| 650 | 1 | 0 |
_aIllegal arms transfer _xFiction. |
| 940 | _aLenie | ||
| 942 |
_cBOOK _jFIC F875b 2001 |
||
| 999 |
_c5289 _d5289 |
||